[Event "GER-chT9 LI-22 Br02 email"]
[Site "GER email"]
[Date "2011.10.17"]
[Round "?"]
[White "Schuler, Wolfgang"]
[Black "Krauss, Heiko"]
[Result "1/2-1/2"]
[WhiteElo "2171"]
[BlackElo "2098"]
[PlyCount "105"]
[EventDate "2011.10.23"]
[EventType "tourn (corr)"]
[EventRounds "8"]
[EventCountry "GER"]
[SourceTitle "Corr 2015"]
[Source "ChessBase"]
[SourceDate "2015.07.17"]
[SourceVersion "1"]
[SourceVersionDate "2015.07.17"]
[SourceQuality "1"]

1. e4 e5 2. Nf3 Nc6 3. Bb5 a6 4. Ba4 Nf6 5. 0-0 Be7 6. Re1 b5 7. Bb3 0-0 8. c3 d5 9. exd5 Nxd5 10. Nxe5 Nxe5 11. Rxe5 c6 12. d4 Bd6 13. Re1 Qh4 14. g3 Qh3 15. Be3 Bg4 16. Qd3 Rae8 17. Nd2 Qh5 18. a4 Re6 19. axb5 axb5 20. Bxd5 Qxd5 21. Qf1 Qh5 22. f3 Bf5 23. Qg2 Qg6 24. Bf2 Rfe8 25. g4 Rxe1+ 26. Rxe1 Rxe1+ 27. Bxe1 Bd3 28. Bg3 Bf8 29. Qf2 h5 30. h3 Qe6 31. Bf4 Qa2 32. Qe3 Bg6 33. b4 Qc2 34. Nf1 hxg4 35. hxg4 Bd3 36. Qd2 Qb1 37. Qc1 Qxc1 38. Bxc1 Be7 39. Ng3 Bh4 40. Nf5 Be1 41. Ne7+ Kf8 42. Nxc6 Be2 43. Kg2 Bxc3 44. Kf2 Bc4 45. Ke3 f6 46. f4 Ke8 47. Bd2 Bb2 48. Ke4 Kd7 49. Na5 Ba2 50. f5 Kc7 51. Bf4+ Kd7 52. Bd2 Kc7 53. Bf4+ 1/2-1/2